| 000 -LEADER |
| fixed length control field |
00766nam a22002417a 4500 |
| 008 - FIXED-LENGTH DATA ELEMENTS--GENERAL INFORMATION |
| fixed length control field |
201107b 2015 ||||| |||| 00| 0 eng d |
| 020 ## - INTERNATIONAL STANDARD BOOK NUMBER |
| International Standard Book Number |
9789383073511 |
| 082 ## - DEWEY DECIMAL CLASSIFICATION NUMBER |
| Classification number |
510.2462 |
| Item number |
GOK |
| 100 ## - MAIN ENTRY--PERSONAL NAME |
| Personal name |
Gokhale, M. Y. |
| 245 ## - TITLE STATEMENT |
| Title |
Engineering mathematics - III (with large number of MCQ's & solved problems) |
| 250 ## - EDITION STATEMENT |
| Edition statement |
4th |
| 260 ## - PUBLICATION, DISTRIBUTION, ETC. (IMPRINT) |
| Place of publication, distribution, etc |
Pune |
| Name of publisher, distributor, etc |
Nirali Prakashan |
| Date of publication, distribution, etc |
2015 |
| 300 ## - PHYSICAL DESCRIPTION |
| Extent |
762p. |
| 504 ## - BIBLIOGRAPHY, ETC. NOTE |
| Bibliography, etc |
"Includes University question papers ( Nov. 2013 to May 2015)". |
| 650 ## - SUBJECT ADDED ENTRY--TOPICAL TERM |
| Topical term or geographic name as entry element |
Transforms |
| 650 ## - SUBJECT ADDED ENTRY--TOPICAL TERM |
| Topical term or geographic name as entry element |
Vector Differential Calculus |
| 650 ## - SUBJECT ADDED ENTRY--TOPICAL TERM |
| Topical term or geographic name as entry element |
Statistics and Probability |
| 700 ## - ADDED ENTRY--PERSONAL NAME |
| Personal name |
Mujumdar, N. S. |
| Relator term |
Co-author |
| 700 ## - ADDED ENTRY--PERSONAL NAME |
| Personal name |
Kulkarni, S. S. |
| Relator term |
Co-author |
| 700 ## - ADDED ENTRY--PERSONAL NAME |
| Personal name |
Singh, A. N. |
| Relator term |
Co-author |
| 700 ## - ADDED ENTRY--PERSONAL NAME |
| Personal name |
Atal, K. R. |
| Relator term |
Co-author |
| 942 ## - ADDED ENTRY ELEMENTS (KOHA) |
| Item type |
Books |